[Event "Asuncion Clasificatorio op 6th"]
[Site "Asuncion"]
[Date "2017.07.23"]
[Round "?"]
[White "Penayo, Nicolas"]
[Black "Recalde, Ariel"]
[Result "1-0"]
[WhiteElo "1798"]
[BlackElo "1897"]
[PlyCount "45"]
[EventDate "2017.07.21"]
[EventType "swiss"]
[EventRounds "7"]
[EventCountry "PAR"]
[SourceTitle "EXT 2023"]
[Source "ChessBase"]
[SourceDate "2022.10.05"]
[SourceVersion "1"]
[SourceVersionDate "2022.10.05"]
[SourceQuality "1"]

1. e4 d5 2. exd5 Nf6 3. Nf3 Bg4 4. Be2 Nxd5 5. d4 e6 6. 0-0 Bd6 7. h3 Bh5 8. Bg5 Qd7 9. c4 Nf4 10. Nc3 0-0 11. Ne4 Nc6 12. Bxf4 Bxf4 13. Nc5 Qe7 14. Nd3 Qf6 15. d5 exd5 16. Nxf4 Qxf4 17. Qxd5 Bxf3 18. Bxf3 Ne5 19. Be2 c6 20. Qc5 Rfe8 21. g3 Qf5 22. Bg4 Nf3+ 23. Bxf3 1-0

[Event "Asuncion Clasificatorio op 3rd"]
[Site "Asuncion"]
[Date "2016.06.12"]
[Round "6.6"]
[White "Penayo, Nicolas"]
[Black "Gamarra, Ramon"]
[Result "0-1"]
[WhiteElo "1831"]
[BlackElo "1923"]
[PlyCount "50"]
[EventDate "2016.06.10"]
[EventType "swiss"]
[EventRounds "7"]
[EventCountry "PAR"]
[SourceTitle "EXT 2023"]
[Source "ChessBase"]
[SourceDate "2022.10.05"]
[SourceVersion "1"]
[SourceVersionDate "2022.10.05"]
[SourceQuality "1"]

1. e4 c5 2. Nc3 Nc6 3. f4 e6 4. Nf3 Nge7 5. Bc4 g6 6. d3 Bg7 7. 0-0 Nd4 8. Nxd4 cxd4 9. Ne2 d5 10. Bb3 dxe4 11. dxe4 Qb6 12. Ba4+ Nc6 13. Kh1 0-0 14. f5 exf5 15. exf5 Bxf5 16. Rxf5 gxf5 17. Ng3 Ne7 18. Bg5 Qb4 19. Bxe7 Qxe7 20. Nxf5 Qg5 21. Qf3 Rac8 22. Qe4 Rc5 23. g4 Re5 24. Qxb7 Re2 25. Nxg7 Qf4 0-1

[Event "Asuncion op"]
[Site "Asuncion"]
[Date "2015.10.17"]
[Round "7"]
[White "Pereira, Sergio1111"]
[Black "Penayo, Nicolas"]
[Result "1-0"]
[WhiteElo "1885"]
[BlackElo "1848"]
[PlyCount "47"]
[EventDate "2015.10.08"]
[EventType "swiss"]
[EventRounds "9"]
[EventCountry "PAR"]
[SourceTitle "CBM 168 Extra"]
[Source "ChessBase"]
[SourceDate "2015.10.29"]
[SourceVersion "1"]
[SourceVersionDate "2015.10.29"]
[SourceQuality "1"]

1. d4 d6 2. c4 f5 3. Nc3 Nf6 4. Nf3 g6 5. g3 Bg7 6. Bg2 0-0 7. 0-0 Nc6 8. Qb3 h6 9. d5 Ne5 10. Nd4 g5 11. e3 Qe8 12. f4 gxf4 13. exf4 Nd3 14. Qc2 Nxc1 15. Raxc1 Ng4 16. Qd2 Rf6 17. h3 Qg6 18. hxg4 Qxg4 19. Nce2 Kh8 20. Kf2 e5 21. dxe6 Bxe6 22. Bf3 Qg6 23. Rh1 Re8 24. Bh5 1-0

[Event "Asuncion op"]
[Site "Asuncion"]
[Date "2015.10.14"]
[Round "6"]
[White "Penayo, Nicolas"]
[Black "Ocampos, Martin Carlos"]
[Result "1-0"]
[WhiteElo "1848"]
[BlackElo "1739"]
[PlyCount "202"]
[EventDate "2015.10.08"]
[EventType "swiss"]
[EventRounds "9"]
[EventCountry "PAR"]
[SourceTitle "CBM 168 Extra"]
[Source "ChessBase"]
[SourceDate "2015.10.29"]
[SourceVersion "1"]
[SourceVersionDate "2015.10.29"]
[SourceQuality "1"]

1. e4 c5 2. Nc3 Nc6 3. f4 g6 4. Nf3 Bg7 5. Bc4 e6 6. 0-0 Nge7 7. d3 0-0 8. Qe1 d5 9. Bb3 dxe4 10. Nxe4 b6 11. a4 Bb7 12. Kh1 Nd4 13. Nxd4 cxd4 14. a5 Nf5 15. Bd2 b5 16. Bb4 Re8 17. a6 Bc6 18. Ba5 Qe7 19. Rf2 Rab8 20. Bb4 Qh4 21. Bc5 Bxe4 22. dxe4 Ng3+ 23. Kg1 Nh5 24. Qf1 Nf6 25. Bxa7 Ra8 26. Bxd4 Nxe4 27. Bxg7 Qxf2+ 28. Qxf2 Nxf2 29. Bd4 Ne4 30. c3 Nd2 31. Bc2 Red8 32. b3 b4 33. Bf6 Rd6 34. a7 bxc3 35. Bxc3 Rc6 36. Bxd2 Rxc2 37. Be1 Rcc8 38. Bf2 Rc7 39. Ra3 Rd7 40. Kf1 Kf8 41. b4 Rd5 42. Ra6 Ke8 43. Rb6 Rdd8 44. Rb7 Rd7 45. Rb8+ Rd8 46. Rb5 Rd5 47. Rb6 Rd7 48. b5 Rdxa7 49. Ke2 Ra2+ 50. Kf3 h5 51. Bc5 Rc8 52. Bd4 Rd8 53. Be5 Rd3+ 54. Ke4 Rd8 55. Bf6 Rc8 56. Rb7 Rxg2 57. Re7+ Kf8 58. Rd7 Rb8 59. b6 Ra2 60. Kd3 Ra6 61. Bd4 Raxb6 62. Bc5+ Ke8 63. Re7+ Kd8 64. Rxf7 Rb3+ 65. Ke4 Rc8 66. Bd6 Rc4+ 67. Ke5 Re3+ 68. Kf6 Rc6 69. Be5 Rxe5 70. fxe5 Rc2 71. h4 Rc4 72. Kxg6 Rxh4 73. Rh7 Re4 74. Kf6 h4 75. Kxe6 Rg4 76. Rh8+ Kc7 77. Kf5 Rg7 78. Rxh4 Kd7 79. Kf6 Re7 80. Rd4+ Ke8 81. Ra4 Rf7+ 82. Kg6 Rd7 83. Ra8+ Ke7 84. Kf5 Rc7 85. Rh8 Rc1 86. Rh7+ Kd8 87. Kf6 Rc6+ 88. e6 Rc1 89. Rh8+ Kc7 90. Ke7 Ra1 91. Rh4 Re1 92. Rc4+ Kb6 93. Kf7 Rf1+ 94. Ke8 Rf6 95. e7 Rf1 96. Kd7 Rd1+ 97. Ke6 Re1+ 98. Kd6 Rd1+ 99. Ke5 Re1+ 100. Re4 Rxe4+ 101. Kxe4 Kc7 1-0

[Event "Asuncion op"]
[Site "Asuncion"]
[Date "2015.10.11"]
[Round "3"]
[White "Avalos Arguello, Jose Mathias"]
[Black "Penayo, Nicolas"]
[Result "1-0"]
[WhiteElo "1644"]
[BlackElo "1848"]
[PlyCount "87"]
[EventDate "2015.10.08"]
[EventType "swiss"]
[EventRounds "9"]
[EventCountry "PAR"]
[SourceTitle "CBM 168 Extra"]
[Source "ChessBase"]
[SourceDate "2015.10.29"]
[SourceVersion "1"]
[SourceVersionDate "2015.10.29"]
[SourceQuality "1"]

1. d4 e6 2. c4 b6 3. Nc3 Bb7 4. e4 Bb4 5. f3 f5 6. exf5 exf5 7. Nh3 Qh4+ 8. g3 Qe7+ 9. Kf2 Bxc3 10. bxc3 Nf6 11. Bg2 0-0 12. Bf4 d5 13. Re1 Qd7 14. Ng5 Na6 15. Qd3 c5 16. Ne6 dxc4 17. Qxc4 Bd5 18. Qxa6 Bxe6 19. dxc5 Nd5 20. Rad1 Qc6 21. Bd6 Nxc3 22. Rd3 Ne4+ 23. fxe4 fxe4+ 24. Kg1 Bd5 25. Rxd5 Qxd5 26. Bxf8 Rxf8 27. Bxe4 Qxc5+ 28. Kh1 h5 29. Qd3 Kh8 30. Qd5 Qxd5 31. Bxd5 Kh7 32. Re7 a5 33. Be4+ Kg8 34. Bg6 Rb8 35. Bxh5 Kh7 36. Bf3 Kg6 37. Rb7 Rc8 38. Rxb6+ Kf7 39. Bd5+ Ke7 40. Re6+ Kf8 41. Bb3 Rc5 42. Kg2 Rb5 43. Re8+ Kxe8 44. Ba4 1-0

[Event "Asuncion op"]
[Site "Asuncion"]
[Date "2015.10.09"]
[Round "2"]
[White "Penayo, Nicolas"]
[Black "Kropff, Ricardo"]
[Result "0-1"]
[WhiteElo "1848"]
[BlackElo "2217"]
[PlyCount "56"]
[EventDate "2015.10.08"]
[EventType "swiss"]
[EventRounds "9"]
[EventCountry "PAR"]
[SourceTitle "CBM 168 Extra"]
[Source "ChessBase"]
[SourceDate "2015.10.29"]
[SourceVersion "1"]
[SourceVersionDate "2015.10.29"]
[SourceQuality "1"]

1. e4 e5 2. Nf3 Nc6 3. Bc4 Bc5 4. c3 Qe7 5. b4 Bb6 6. 0-0 Nf6 7. d4 d6 8. a4 a6 9. Ba3 exd4 10. cxd4 Bg4 11. e5 dxe5 12. b5 Nb4 13. Qb3 a5 14. dxe5 Ne4 15. Nbd2 Nxd2 16. Nxd2 0-0-0 17. Bxb4 axb4 18. a5 Bd4 19. Ra2 Qxe5 20. Nf3 Qc5 21. Nxd4 Rxd4 22. Rc2 Kb8 23. h3 Bd1 24. Rxd1 Rxd1+ 25. Bf1 Qxb5 26. Rc4 Rhd8 27. a6 Rxf1+ 28. Kxf1 Rd4 0-1

[Event "Asuncion Clasificatorio op 3rd"]
[Site "Asuncion"]
[Date "2015.07.19"]
[Round "5.1"]
[White "Bergonzi, Osvaldo"]
[Black "Penayo, Nicolas"]
[Result "1-0"]
[WhiteElo "1990"]
[BlackElo "1876"]
[PlyCount "83"]
[EventDate "2015.07.17"]
[EventType "swiss"]
[EventRounds "7"]
[EventCountry "PAR"]
[SourceTitle "EXT 2023"]
[Source "ChessBase"]
[SourceDate "2022.10.05"]
[SourceVersion "1"]
[SourceVersionDate "2022.10.05"]
[SourceQuality "1"]

1. Nf3 d5 2. g3 c5 3. Bg2 Nc6 4. 0-0 e5 5. d3 Nf6 6. Nbd2 Be7 7. e4 d4 8. Nc4 Bg4 9. h3 b5 10. Ncxe5 Nxe5 11. hxg4 Nfxg4 12. Nxe5 Nxe5 13. f4 Ng6 14. e5 Rc8 15. Qg4 h5 16. Qe2 Qc7 17. Bd2 c4 18. Rae1 Bc5 19. f5 Nf8 20. Bf4 Qe7 21. e6 Kd8 22. Qe5 f6 23. Qd5+ Ke8 24. Qb7 Qxb7 25. Bxb7 Rd8 26. Bc7 cxd3 27. cxd3 Bd6 28. Bc6+ Ke7 29. Bxd8+ Kxd8 30. Bxb5 Nh7 31. Kg2 Ng5 32. Rc1 Ke7 33. Rc6 Rb8 34. a4 g6 35. fxg6 Rg8 36. Re1 Be5 37. Rxe5 fxe5 38. Rc7+ Kd6 39. Rxa7 Nxe6 40. Ra6+ Ke7 41. Rxe6+ Kxe6 42. Bc4+ 1-0

[Event "Asuncion Clasificatorio op 3rd"]
[Site "Asuncion"]
[Date "2015.07.19"]
[Round "7.3"]
[White "Lipiniks, Leonardo"]
[Black "Penayo, Nicolas"]
[Result "1-0"]
[WhiteElo "1857"]
[BlackElo "1876"]
[PlyCount "93"]
[EventDate "2015.07.17"]
[EventType "swiss"]
[EventRounds "7"]
[EventCountry "PAR"]
[SourceTitle "EXT 2023"]
[Source "ChessBase"]
[SourceDate "2022.10.05"]
[SourceVersion "1"]
[SourceVersionDate "2022.10.05"]
[SourceQuality "1"]

1. e4 e6 2. d4 d5 3. Nc3 Bb4 4. e5 c5 5. a3 Bxc3+ 6. bxc3 Qc7 7. Nf3 Nc6 8. Bd3 c4 9. Be2 Nge7 10. 0-0 0-0 11. a4 f6 12. Ba3 fxe5 13. dxe5 Bd7 14. Bd6 Qa5 15. Qd2 Rfe8 16. Rfb1 b6 17. Bb4 Nxb4 18. cxb4 Qa6 19. Nd4 Qb7 20. f4 Rf8 21. Bg4 Qc8 22. c3 Nc6 23. Nb5 Qd8 24. g3 a6 25. Nd6 Ne7 26. a5 b5 27. Nb7 Qe8 28. Nc5 Nf5 29. Bf3 Bc8 30. Bxd5 Ra7 31. Bg2 Qh5 32. Qf2 Raf7 33. Rd1 Nh6 34. h3 Qxe5 35. fxe5 Rxf2 36. Rd6 Rc2 37. Nxa6 Nf5 38. Nc5 Nxd6 39. exd6 Rd2 40. Ne4 Rd3 41. a6 e5 42. a7 Bb7 43. Nc5 Ba8 44. Bxa8 Rxa8 45. Nxd3 cxd3 46. d7 d2 47. Rd1 1-0

[Event "Maringa op 3rd"]
[Site "Maringa"]
[Date "2013.07.25"]
[Round "2"]
[White "Penayo, Nicolas"]
[Black "De Souza, Ivo Eduardo Medeiro"]
[Result "0-1"]
[WhiteElo "1879"]
[BlackElo "2193"]
[PlyCount "60"]
[EventDate "2013.07.24"]
[EventType "swiss"]
[EventRounds "8"]
[EventCountry "BRA"]
[SourceTitle "CBM 155 Extra"]
[Source "ChessBase"]
[SourceDate "2013.08.26"]
[SourceVersion "1"]
[SourceVersionDate "2013.08.26"]
[SourceQuality "1"]

1. e4 e6 2. d3 d5 3. Nd2 c5 4. Ngf3 Nc6 5. g3 g6 6. Bg2 Bg7 7. 0-0 Nge7 8. Re1 0-0 9. c3 Rb8 10. Qe2 e5 11. exd5 Nxd5 12. Ne4 b6 13. Bg5 f6 14. Bd2 Qd7 15. Rad1 Ba6 16. h4 f5 17. Neg5 h6 18. Nh3 e4 19. c4 exf3 20. Qxf3 Ndb4 21. Bc3 Nd4 22. Bxd4 Bb7 23. Qf4 Qxd4 24. Qc7 Qd8 25. Re7 Qxc7 26. Rxc7 Bxg2 27. Kxg2 Rf7 28. Rxf7 Kxf7 29. Nf4 Be5 30. Ne2 Rd8 0-1

[Event "Asuncion IRT Sub 2200"]
[Site "Asuncion"]
[Date "2013.06.09"]
[Round "5.4"]
[White "Penayo, Nicolas"]
[Black "Aguero Centurio, Abel Alejandro"]
[Result "1/2-1/2"]
[WhiteElo "1879"]
[BlackElo "1648"]
[PlyCount "133"]
[EventDate "2013.06.07"]
[EventType "swiss"]
[EventRounds "7"]
[EventCountry "PAR"]
[SourceTitle "EXT 2023"]
[Source "ChessBase"]
[SourceDate "2022.10.05"]
[SourceVersion "1"]
[SourceVersionDate "2022.10.05"]
[SourceQuality "1"]

1. e4 c6 2. c4 d5 3. exd5 cxd5 4. cxd5 Qxd5 5. Nc3 Qa5 6. d4 Nf6 7. Nf3 Bf5 8. Bb5+ Nbd7 9. 0-0 a6 10. Ba4 e6 11. d5 b5 12. Bb3 Nc5 13. dxe6 Bxe6 14. Bxe6 Nxe6 15. Nd5 Nxd5 16. Qxd5 Rc8 17. Qb7 Qc7 18. Qxa6 Qc6 19. Qxc6+ Rxc6 20. Be3 Be7 21. Rac1 Rxc1 22. Rxc1 0-0 23. Nd4 Nxd4 24. Bxd4 Bg5 25. Be3 Bf6 26. Rc2 Rd8 27. Kf1 h6 28. Ke2 b4 29. b3 Ra8 30. Bd2 Be7 31. Kf3 f6 32. Rc4 Rxa2 33. Bxb4 Bxb4 34. Rxb4 Rb2 35. Rb7 Kh7 36. g4 Kg6 37. Kg3 Rb1 38. h4 h5 39. f3 hxg4 40. fxg4 Rg1+ 41. Kf3 Rh1 42. h5+ Kh6 43. b4 g6 44. hxg6 Kxg6 45. Rb8 Rf1+ 46. Kg2 Rf4 47. Kg3 Rf1 48. b5 Kf7 49. b6 Kg7 50. b7 Rb1 51. Kf4 Rb5 52. Ke4 Kh7 53. Kd4 Kg7 54. Kc4 Rb1 55. Kc5 Kh7 56. Kc6 Rc1+ 57. Kd7 Rb1 58. Kc6 Rc1+ 59. Kd6 Rb1 60. Ke7 Kg7 61. Ke6 Rb5 62. Kd6 Rb1 63. Kd7 Kh7 64. Kc6 Rc1+ 65. Kb5 Rb1+ 66. Kc5 Kg7 67. Kd5 1/2-1/2

[Event "PAR-ch"]
[Site "Asuncion"]
[Date "2011.10.02"]
[Round "7"]
[White "Butti, Enrique"]
[Black "Penayo, Nicolas"]
[Result "1-0"]
[WhiteElo "2033"]
[BlackElo "1895"]
[PlyCount "113"]
[EventDate "2011.09.23"]
[EventType "swiss"]
[EventRounds "9"]
[EventCountry "PAR"]
[SourceTitle "CBM 144 Extra"]
[Source "ChessBase"]
[SourceDate "2011.10.28"]
[SourceVersion "1"]
[SourceVersionDate "2011.10.28"]
[SourceQuality "1"]

1. d4 e6 2. Nf3 f5 3. g3 Nf6 4. Bg2 d5 5. 0-0 Bd6 6. c4 c6 7. b3 Qe7 8. Bb2 0-0 9. Qc1 Nbd7 10. Ba3 Ne4 11. Bxd6 Qxd6 12. Nc3 e5 13. cxd5 Nxc3 14. Qxc3 e4 15. Ne5 Nxe5 16. dxe5 Qxd5 17. f4 Be6 18. Rfd1 Qb5 19. e3 Rad8 20. Bf1 Qb6 21. Bc4 Bxc4 22. Qxc4+ Kh8 23. Kf2 Qa5 24. b4 Qa4 25. Ke2 a5 26. a3 Rxd1 27. Rxd1 Qxa3 28. e6 Qb2+ 29. Rd2 Qf6 30. bxa5 h6 31. a6 bxa6 32. Qxc6 a5 33. Qd7 Qg6 34. e7 Qh5+ 35. Ke1 Rg8 36. Qd8 Qf3 37. Qxg8+ Kxg8 38. e8Q+ Kh7 39. Re2 Qh1+ 40. Kd2 Qb1 41. Qe6 Qb4+ 42. Kc2 Qc5+ 43. Kd1 Qb5 44. Rd2 a4 45. Qd5 Qf1+ 46. Kc2 Kh8 47. Qa8+ Kh7 48. Qxa4 h5 49. Qd4 Qb5 50. Qd5 Qa4+ 51. Qb3 Qc6+ 52. Kb1 Qa6 53. Kb2 Qf6+ 54. Rd4 Qa6 55. Qd5 g6 56. Qf7+ Kh6 57. Qf8+ 1-0

[Event "PAR-ch"]
[Site "Asuncion"]
[Date "2011.09.29"]
[Round "4"]
[White "Galeano, Mario"]
[Black "Penayo, Nicolas"]
[Result "0-1"]
[WhiteElo "2001"]
[BlackElo "1895"]
[PlyCount "88"]
[EventDate "2011.09.23"]
[EventType "swiss"]
[EventRounds "9"]
[EventCountry "PAR"]
[SourceTitle "CBM 144 Extra"]
[Source "ChessBase"]
[SourceDate "2011.10.28"]
[SourceVersion "1"]
[SourceVersionDate "2011.10.28"]
[SourceQuality "1"]

1. d4 e6 2. Nf3 Be7 3. Bf4 Nf6 4. h3 b6 5. e3 Bb7 6. Nbd2 d6 7. Bd3 Nbd7 8. 0-0 h6 9. e4 g5 10. Bh2 g4 11. hxg4 Nxg4 12. c4 Bg5 13. d5 Nxh2 14. Kxh2 Nc5 15. Nb3 Nxd3 16. Qxd3 e5 17. Ng1 Bc8 18. Nh3 Bg4 19. Nd2 Qf6 20. Nf3 0-0-0 21. b4 Rdg8 22. c5 Bxh3 23. Kxh3 Qg6 24. g3 Bf4 25. Rg1 Qh5+ 26. Kg2 Rg6 27. Kf1 Bg5 28. Ke2 Qg4 29. Rab1 b5 30. Rb3 f5 31. Qxb5 fxe4 32. Qa6+ Kd8 33. Qxa7 exf3+ 34. Kd3 Qd4+ 35. Kc2 Qxf2+ 36. Kc3 Qd2+ 37. Kc4 Qe2+ 38. Rd3 e4 39. Qb8+ Ke7 40. Qxc7+ Ke8 41. Qc8+ Bd8 42. Rgd1 f2 43. c6 Rh7 44. Qf5 Rhg7 0-1

[Event "PAR-ch"]
[Site "Asuncion"]
[Date "2011.09.24"]
[Round "2"]
[White "Zarate, Fernandoh"]
[Black "Penayo, Nicolas"]
[Result "0-1"]
[WhiteElo "1707"]
[BlackElo "1895"]
[PlyCount "80"]
[EventDate "2011.09.23"]
[EventType "swiss"]
[EventRounds "9"]
[EventCountry "PAR"]
[SourceTitle "CBM 144 Extra"]
[Source "ChessBase"]
[SourceDate "2011.10.28"]
[SourceVersion "1"]
[SourceVersionDate "2011.10.28"]
[SourceQuality "1"]

1. e4 e6 2. d4 d5 3. Nc3 dxe4 4. Nxe4 Bd7 5. Nf3 Bc6 6. Bd3 Nd7 7. Be3 Ngf6 8. Ng3 Ng4 9. Bd2 Bd6 10. Nh5 g6 11. Nf4 Qf6 12. g3 g5 13. d5 exd5 14. Qe2+ Nge5 15. Nxe5 Qxe5 16. Bc3 Qxe2+ 17. Nxe2 Ne5 18. Nd4 Bd7 19. 0-0-0 0-0-0 20. Bf5 c6 21. Bxd7+ Kxd7 22. Nf5 Rhe8 23. Nxd6 Kxd6 24. Bd2 Nf3 25. Bc3 Re2 26. Rdf1 d4 27. Bb4+ c5 28. Ba3 Kd5 29. b3 b5 30. h4 g4 31. h5 h6 32. Bb2 Rde8 33. c3 d3 34. Rd1 c4 35. Rhf1 Rc2+ 36. Kb1 Ree2 37. Bc1 Rxa2 38. bxc4+ bxc4 39. Bxh6 Reb2+ 40. Kc1 Rb6 0-1

[Event "Asuncion Semana Santa del CDPS"]
[Site "Asuncion"]
[Date "2011.04.23"]
[Round "7.5"]
[White "Florentin, Damaso"]
[Black "Penayo, Nicolas"]
[Result "0-1"]
[WhiteElo "1755"]
[BlackElo "1880"]
[PlyCount "62"]
[EventDate "2011.04.20"]
[EventType "swiss"]
[EventRounds "7"]
[EventCountry "PAR"]
[SourceTitle "EXT 2023"]
[Source "ChessBase"]
[SourceDate "2022.10.05"]
[SourceVersion "1"]
[SourceVersionDate "2022.10.05"]
[SourceQuality "1"]

1. e4 e6 2. Ne2 d5 3. exd5 exd5 4. Ng3 Bd6 5. Be2 Nf6 6. d3 h5 7. Nxh5 Nxh5 8. Bxh5 Qe7+ 9. Qe2 Rxh5 10. Qxe7+ Kxe7 11. f4 Nc6 12. c3 d4 13. 0-0 Bf5 14. Rf3 Re8 15. h3 Rh7 16. Bd2 Kd8 17. Kf2 Be6 18. c4 f5 19. Na3 g5 20. Nb5 Bxf4 21. Bxf4 gxf4 22. Rxf4 Rd7 23. Rd1 a6 24. Na3 Nb4 25. Rd2 Nxa2 26. Nc2 c5 27. Re2 Nc1 28. Rd2 Rd6 29. Ne1 Bd7 30. Nf3 Re3 31. Ne1 Rde6 0-1

[Event "Asuncion Semana Santa del CDPS"]
[Site "Asuncion"]
[Date "2011.04.23"]
[Round "6.5"]
[White "Penayo, Nicolas"]
[Black "Butti, Enrique"]
[Result "1/2-1/2"]
[WhiteElo "1880"]
[BlackElo "2053"]
[PlyCount "55"]
[EventDate "2011.04.20"]
[EventType "swiss"]
[EventRounds "7"]
[EventCountry "PAR"]
[SourceTitle "EXT 2023"]
[Source "ChessBase"]
[SourceDate "2022.10.05"]
[SourceVersion "1"]
[SourceVersionDate "2022.10.05"]
[SourceQuality "1"]

1. e4 c6 2. c4 e5 3. Nf3 d6 4. d4 Nd7 5. Nc3 Ngf6 6. Be2 Be7 7. Be3 0-0 8. h3 Qc7 9. Qd2 a6 10. a4 a5 11. 0-0 Re8 12. Rac1 Bf8 13. d5 Qb8 14. Bd3 Be7 15. Nh2 Bd8 16. Kh1 Bb6 17. Bxb6 Nxb6 18. f4 exf4 19. Rxf4 Nbd7 20. Rcf1 Ne5 21. Rxf6 gxf6 22. Rxf6 Kh8 23. Nf3 Qc7 24. Qh6 Rg8 25. Rxd6 Qe7 26. Nxe5 Qxe5 27. Qf6+ Qxf6 28. Rxf6 1/2-1/2

[Event "Asuncion Preclasificatorio Mayor"]
[Site "Asuncion"]
[Date "2010.04.20"]
[Round "3"]
[White "Buzo, Juan Carlos"]
[Black "Penayo, Nicolas"]
[Result "0-1"]
[WhiteElo "1830"]
[BlackElo "1897"]
[PlyCount "76"]
[EventDate "2010.04.05"]
[EventType "swiss"]
[EventRounds "9"]
[EventCountry "PAR"]
[SourceTitle "EXT 2023"]
[Source "ChessBase"]
[SourceDate "2022.10.05"]
[SourceVersion "1"]
[SourceVersionDate "2022.10.05"]
[SourceQuality "1"]

1. e4 e6 2. d4 d5 3. e5 c5 4. c3 Nc6 5. Be3 Bd7 6. Qd2 Qb6 7. f4 cxd4 8. cxd4 Nh6 9. Nf3 Rc8 10. Bd3 Nb4 11. Kf2 Nxd3+ 12. Qxd3 Qxb2+ 13. Nbd2 Rc3 14. Qb1 Qa3 15. Qxb7 Ng4+ 16. Kg3 Nxe3 17. Nb3 Qb2 18. Rhg1 Nf5+ 19. Kh3 Qf2 20. Qb8+ Rc8 21. Qxa7 Ne3 22. Rac1 Rxc1 23. Nxc1 Be7 24. Nd3 Qc2 25. Nc5 0-0 26. Nxd7 Qf5+ 27. Kg3 Qg4+ 28. Kf2 Qxf4 29. Ke2 Rc8 30. Nc5 Bxc5 31. dxc5 Nc4 32. c6 Nxe5 33. Qa6 Qc4+ 34. Qxc4 Nxc4 35. Nd4 e5 36. Nf5 Kf8 37. Rd1 d4 38. Kd3 Nb2+ 0-1